LEADER 02273nam a2200373 u 4500 001 000000029324 003 CaOOAMICUS 005 20070226111913.0 008 970227s1976 it u000 u ita u 035 $a10753508 040 $aIPA$bita$dPUL(R) 110 1 $aSanta Sede.$0(OLS)http://pul/name/987 240 10$aTrattati, ecc.$9(Santa Sede).$0(OLS)http://pul/title/19485 245 12$aI concordati di Giovanni XXIII e dei primi anni di Paolo VI, 1958-1974 :$b(Austria, Germania, Jugoslavia, Spagna, Svizzera, Argentina, Bolivia, Colombia, Paraguay, El Salvador, Tunisia, Venezuela) /$ca cura di Pio Ciprotti ed Elisa Zampetti. 260 $aMilano :$bA. Giuffrè,$c1976. 300 $a152 p. ;$c25 cm 490 1 $aUniversità degli studi di Camerino. Facoltà di Giurisprudenza. Testi per esercitazioni. Sezione XV ;$v8 650 4$aConcordati.$0(OLS)http://pul/subject/2273 700 1 $aZampetti, Elisa.$0(OLS)http://pul/name/23723 700 1 $aCiprotti, Pio,$d1914-1993.$0(OLS)http://pul/name/1280 830 0$aTesti per esercitazioni (Facoltà di Giurisprudenza dell'Università degli Studi di Camerino).$nSezione XV ;$v8.$0(OLS)http://pul/title/1677 850 $aPUL 852 $aPUL$W1$xSL Diritto Canonico 1$y5$m149 F 47$j40619$nBK-PRI$b $qStampati$B40619$CPULBib$Z2$F40619 $H $81 852 $aPUL$W1$xDP1 Fondo Ciprotti$y59$m1550 E 73$j40620$nBK-PRI$b $qFondi$B40620$CPULBib$Z2$F40620 $H $81 852 $aPUL$W1$xDP1 Fondo Ciprotti$y59$m1550 E 74$j40621$nBK-PRI$b $qFondi$B40621$CPULBib$Z2$F40621 $H $81 852 $aPUL$W1$xDP1 Fondo Ciprotti$y59$m1550 E 75$j40622$nBK-PRI$b $qFondi$B40622$CPULBib$Z2$F40622 $H $81 941 1 $a1 941 1 $a8 961 $aINV: 44506 961 $aINV: Fondo Ciprotti 961 $aINV: Fondo Ciprotti 961 $aINV: Fondo Ciprotti 996 $6245$aI concordati di Giovanni XXIII e dei primi anni di Paolo VI, 1958-1974 :$b(Austria, Germania, Jugoslavia, Spagna, Svizzera, Argentina, Bolivia, Colombia, Paraguay, El Salvador, Tunisia, Venezuela)$9(OLS)http://pul/title/40156 996 $6260$aMilano :$bA. Giuffrè$9(OLS)http://pul/publisher/48096 LEADER 01427nam a2200337 u 4500 001 000000079443 003 CaOOAMICUS 005 20070226123535.0 008 040604s2004 it u000 u ita u 020 $a8824486762 035 $a10997759 040 $aPUL$bita 110 1 $aItalia.$0(OLS)http://pul/name/1188 240 10$aCodice civile$9(Italia).$0(OLS)http://pul/title/51181 245 10$aCodice civile e leggi complementari /$ca cura di Fausto Izzo .. 250 $a24. ed. 260 $aNapoli :$bEd. giuridiche Simone,$c2004. 300 $a1756 p. ;$c21 cm +$e1 cd-rom 490 1 $aCodici Simone ;$v504 500 $aTesto su due colonne. 500 $aContiene cd-rom con codice civile esplicato. 630 04$aCodice civile$9(Italia).$0(OLS)http://pul/subject/19974 650 4$aDiritto civile$zItalia.$0(OLS)http://pul/subject/3770 700 1 $aIzzo, Fausto.$0(OLS)http://pul/name/45085 830 0$aCodici Simone ;$v504.$0(OLS)http://pul/title/104034 850 $aPUL 852 $aPUL$W1$xDP2 Diritto e Scienze Sociali 2$y100$mUtrCiv E 54$j101653$nBK-PRI$qStampati Altre Collocazioni$B101653$CPULBib$Z2$F101653 $H94818 $82 941 1 $a10 996 $6020$a8824486762$9(OLS)http://pul/number/104447 996 $6245$aCodice civile e leggi complementari$9(OLS)http://pul/title/104033 996 $6260$aNapoli :$bEd. giuridiche Simone$9(OLS)http://pul/publisher/67436